000 00667nam a2200241Ia 4500
003 OSt
005 20220925204856.0
006 a|||||r|||| 00| 0
007 ta
008 220923b |||||||| |||| 00| 0 eng d
037 _cGeneral Book
040 _aRTL
_cRTL
_beng
041 _2eng
_aeng
082 _aY773.N7, L6
100 _aHenry Frances Ed.
_9269178
245 0 _aEthnicity in the America
260 _aHague
_bMounton
_c1976
300 _axi,456p
_ccm.
490 _aWorld Anthropology Ed by Sol Tax
650 _aAmerican Society
_9240334
942 _hY773.N7, L6
_cGB
_2CC
999 _c550638
_d550638